000 00457nam a2200193Ia 4500
008 240510s9999 xx 000 0 und d
020 _a0008173661219
041 _aEng
082 _a005.7575
082 _bO22
100 _aODEWAHN A.
245 0 _aORACLE WEB APPLICATIONS : PL/SQL DEVELOPER'S INTRODUCTION
260 _bMUMBAI : OREILLY
260 _c1999
300 _a241 p.
650 _aDATABASE MANAGEMENT
942 _2ddc
942 _cLBK
999 _c26786
_d26786
945 _a1
_bMadushi Gamage
_c1
_dMadushi Gamage